000 00229nam a22000857a 4500
008 161115b xxu||||| |||| 00| 0 eng d
100 _91214
_aAnand. V
245 _aThe pool in the jungle
260 _aNew delhi
_bNational book trust
_c2005
999 _c3905
_d3905